000 00581cab a2200217 4500
001 W5728
008 090401t xxu||||| |||| 00| 0 eng d
035 _a(Sirsi) u72821
041 _aeng
245 _aPresidential visit to Aberdeen
260 _c(PR12/93) 20 January 1993(2)
350 _a0
490 _aRICS Press Release
_v(PR12/93) 20 January 1993(2)
650 _aABERDEEN
650 _aCHRISTOPHER JONAS
650 _aPRESIDENTIAL VISIT
650 _aSCOTLAND
690 _aMANAGEMENT-BUSINESS MANAGEMENT-PROFESSIONAL PRACTICE
942 _n0
948 _c04/03/1997
999 _c46022
_d46022